S.P.Sen Centenary Volume/ (Record no. 188873)

MARC details
000 -LEADER
fixed length control field 00538nam a22001817a 4500
005 - DATE AND TIME OF LATEST TRANSACTION
control field 20220607103637.0
010 ## - LCCN (DPL NO)
LC control number ENG-133054
020 ## - INTERNATIONAL STANDARD BOOK NUMBER
International Standard Book Number 9789382710028
Terms of availability 400.00
035 ## - SYSTEM CONTROL NUMBER
System control number EN-116586
037 ## - SOURCE OF ACQUISITION
Source of stock number/acquisition DBAD/PUB
082 ## - DEWEY DECIMAL CLASSIFICATION NUMBER
Classification number 923.573
245 ## - TITLE STATEMENT
Title S.P.Sen Centenary Volume/
Statement of responsibility, etc Edited by Chittabrata Palit
260 ## - PUBLICATION, DISTRIBUTION, ETC. (IMPRINT)
Place of publication, distribution, etc Kolkata
Name of publisher, distributor, etc Institute of Historical Studies
Date of publication, distribution, etc 2018
270 ## - ADDRESS
Address 8/1 Loudon Street
City Kolkata
Postal code 700017
300 ## - PHYSICAL DESCRIPTION
Extent 203p.
Dimensions 21cm(hbk)
700 ## - ADDED ENTRY--PERSONAL NAME
Personal name Palit, Chittabrata
942 ## - ADDED ENTRY ELEMENTS (KOHA)
Source of classification or shelving scheme Dewey Decimal Classification
Item type English Books
Call number suffix SPS
Classification part 923.573
Holdings
Withdrawn status Lost status Not for loan Collection code Home library Current library Date acquired Source of acquisition Cost, normal purchase price Full call number Barcode Copy number Cost, replacement price Koha item type
      Non-fiction Ashok Vihar Ashok Vihar 07/06/2022 DBAD/PUB 400.00 923.573 SPS EN-116586 1 400.00 English Books

© Delhi Public Library
Hit Counter
free hit counter